Les organismes internationaux spécialisés: contribution a la théorie générale des établissements publics internationaux
Збережено в:
| Автор: | |
|---|---|
| Формат: | Книга |
| Мова: | Французька |
| Опубліковано: |
París
Librairie Générale de Droit et de Jurisprudence
1965
|
| Серія: | Bibliothèque de Droit International, 29-39
|
| Предмети: | |
| Теги: |
Додати тег
Немає тегів, Будьте першим, хто поставить тег для цього запису!
|
MARC
| LEADER | 00000nam a2200000 a 4500 | ||
|---|---|---|---|
| 001 | UCT9447 | ||
| 003 | CL-VaPUC | ||
| 008 | 970404e19650000FR |||||||||||||||||fre|d | ||
| 082 | 0 | 4 | |a 341.2 |b ADA |2 21 |
| 100 | 0 | |a Adam, H. T |e author |9 382137 | |
| 245 | 1 | 4 | |a Les organismes internationaux spécialisés: contribution a la théorie générale des établissements publics internationaux |
| 300 | |a v | ||
| 942 | |c BK | ||
| 945 | |d 19970404 00:00:00 |a paguirre | ||
| 260 | |a París |b Librairie Générale de Droit et de Jurisprudence |c 1965 | ||
| 650 | 0 | |a Organizaciones internacionales |9 329196 | |
| 650 | 7 | |a COMUNIDAD INTERNACIONAL |2 CL-VaPUC |9 382138 | |
| 650 | 0 | |a Derecho internacional |9 255637 | |
| 650 | 0 | |a Relaciones Internacionales |9 255740 | |
| 650 | 0 | |a Cooperación internacional |9 255447 | |
| 583 | |a last modification |c 19970404 00:00:00 |k Rodrigo Vera | ||
| 490 | 0 | |a Bibliothèque de Droit International, 29-39 | |
| 999 | |c 257848 |d 257846 | ||
| 952 | |0 0 |1 0 |4 0 |6 341_200000000000000_ADA_1965 |7 0 |8 P |9 281528 |a BIBDER |b BIBDER |d 2019-11-19 |h v.1 |i 1826034 |o 341.2 ADA 1965 |p 1826034 |r 2023-01-25 |w 2019-11-19 |y BK |k DER | ||
| 952 | |0 0 |1 0 |4 0 |6 341_200000000000000_ADA_1965 |7 0 |8 P |9 281529 |a BIBDER |b BIBDER |d 2019-11-19 |h v.2 |i 1826042 |o 341.2 ADA 1965 |p 1826042 |r 2023-01-25 |w 2019-11-19 |y BK |k DER | ||
| 952 | |0 0 |1 0 |4 0 |6 341_200000000000000_ADA_1965 |7 0 |8 P |9 281530 |a BIBDER |b BIBDER |d 2019-11-19 |h v.3 |i 1826050 |o 341.2 ADA 1965 |p 1826050 |r 2023-01-25 |w 2019-11-19 |y BK |k DER | ||